[Event "St Leon Rot op"]
[Site "St Leon Rot"]
[Date "2011.12.30"]
[Round "7"]
[White "Foehringer, Thorsten"]
[Black "Brandt, Jochen"]
[Result "1-0"]
[WhiteElo "1180"]
[BlackElo "1479"]
[PlyCount "29"]
[EventDate "2011.12.27"]
[EventType "swiss"]
[EventRounds "7"]
[EventCountry "GER"]
[SourceTitle "CBM 146 Extra"]
[Source "ChessBase"]
[SourceDate "2012.02.29"]
[SourceVersion "1"]
[SourceVersionDate "2012.02.29"]
[SourceQuality "1"]

1. d4 e6 2. Bf4 f5 3. e3 c6 4. Nf3 d5 5. Nbd2 Nf6 6. Be2 Nbd7 7. c4 Be7 8. cxd5 exd5 9. Ng5 Nf8 10. h4 Qb6 11. b3 Be6 12. a4 0-0-0 13. a5 Qb4 14. a6 b6 15. Qc1 1-0

[Event "St Leon Rot op"]
[Site "St Leon Rot"]
[Date "2011.12.29"]
[Round "5"]
[White "Reither, Michael"]
[Black "Brandt, Jochen"]
[Result "1/2-1/2"]
[WhiteElo "1079"]
[BlackElo "1479"]
[PlyCount "49"]
[EventDate "2011.12.27"]
[EventType "swiss"]
[EventRounds "7"]
[EventCountry "GER"]
[SourceTitle "CBM 146 Extra"]
[Source "ChessBase"]
[SourceDate "2012.02.29"]
[SourceVersion "1"]
[SourceVersionDate "2012.02.29"]
[SourceQuality "1"]

1. e4 e6 2. d4 d5 3. exd5 exd5 4. Nf3 Bg4 5. h3 Bh5 6. Be2 Nc6 7. 0-0 Qd6 8. c3 0-0-0 9. Ng5 Bxe2 10. Qxe2 Qg6 11. Re1 h6 12. Nf3 Bd6 13. Ne5 Nxe5 14. dxe5 Bc5 15. Be3 Bxe3 16. Qxe3 b6 17. Na3 c6 18. Rad1 Ne7 19. Qf4 Qe6 20. Nc2 c5 21. Qa4 Kb7 22. b4 Qc6 23. Qxc6+ Kxc6 24. g4 g5 25. Kg2 1/2-1/2